Entry Personal Name
001 - CONTROL NUMBER
- control field: 1722
003 - CONTROL NUMBER IDENTIFIER
- control field: AM-YEHGA
005 - DATE AND TIME OF LATEST TRANSACTION
- control field: 20250617070430.0
008 - FIXED-LENGTH DATA ELEMENTS
- fixed length control field: 050511 a|ac|n|aab||||||||||||a |n|||||||
040 ## - CATALOGING SOURCE
- Original cataloging agency: AM-YEHGA
100 1# - HEADING--PERSONAL NAME
- Personal name: Ստեփանյան, Գառնիկ Խաչատուրի,
- Dates associated with a name: 1909-1989
400 1# - SEE FROM TRACING--PERSONAL NAME
- Personal name: Ստեփանյան, Գառնիկ,
- Dates associated with a name: 1909-1989
400 1# - SEE FROM TRACING--PERSONAL NAME
- Personal name: Ստեփանյան, Գ.Խ.
- Fuller form of name: (Գառնիկ Խաչատուրի),
- Dates associated with a name: 1909-1989
400 1# - SEE FROM TRACING--PERSONAL NAME
- Personal name: Ստեփանյան, Գ.
- Fuller form of name: (Գառնիկ),
- Dates associated with a name: 1909-1989
400 1# - SEE FROM TRACING--PERSONAL NAME
- Personal name: Ստեփանեան, Գառնիկ,
- Dates associated with a name: 1909-1989
400 1# - SEE FROM TRACING--PERSONAL NAME
- Personal name: Ստեփանեան, Գառնիկ Խ.
- Fuller form of name: (Խաչատուրի),
- Dates associated with a name: 1909-1989
400 1# - SEE FROM TRACING--PERSONAL NAME
- Personal name: Степанян, Гарник Хачатурович,
- Dates associated with a name: 1909-1989
400 1# - SEE FROM TRACING--PERSONAL NAME
- Personal name: Степанян, Г.
- Fuller form of name: (Гарник),
- Dates associated with a name: 1909-1989
400 1# - SEE FROM TRACING--PERSONAL NAME
- Personal name: Stephanyan, Garnik Khachaturi,
- Dates associated with a name: 1909-1989
670 ## - SOURCE DATA FOUND
- Source citation: Հայկական համառոտ հանրագիտարան, 2003 :
- Information found: Հ. 4 (Ստեփանյան (Տեր-Ստեփանյան) Գառնիկ Խաչատուրի [14.2.1909, գ. Մամախաթուն (Դերջանի գավառ) - 1.7.1989, Երևան], գրականագետ, թատերագետ, գրող: Արվեստագիտ. դ-ր (1971) : ՀԽՍՀ արվեստի վաստ գործիչ (1967)):
670 ## - SOURCE DATA FOUND
- Source citation: Թուրքական աղբյուրները՝ թուրք թատրոնի զարգացման գործում հայերի դերի մասին, 1983 :
- Information found: տիտղթ. (Գ. Ստեփանյան)
670 ## - SOURCE DATA FOUND
- Source citation: Արևմտահայ գրողների նամականի : Գրական ժառանգություն, 1972 :
- Information found: տիտղթ. (խմբ.՝ Գ.Խ. Ստեփանյան)
670 ## - SOURCE DATA FOUND
- Source citation: Աճառյանի հետ : Հուշեր, 1976 :
- Information found: տիտղթ. (Գառնիկ Ստեփանյան)
670 ## - SOURCE DATA FOUND
- Source citation: Հոդվածներ և հուշեր, 1985 :
- Information found: տիտղթ. (Գառնիկ Խաչատուրի Ստեփանյան)
670 ## - SOURCE DATA FOUND
- Source citation: Петрос Адамян : Биогр. очерк, 1956 :
- Information found: т.л. ( Гарник Хачатурович Степанян)
670 ## - SOURCE DATA FOUND
- Source citation: Герой Советского Союза лейтенант С.М. Оганян : [Об арм. герое Отечественной войны], 1943 :
- Information found: т.л. (Г. Степанян)
ՀՀ Գիտությունների ազգային ակադեմիայի հիմնարար գիտական գրադարան = Fundamental Scientific Library of NAS RA
All site content, except where otherwise noted, is licensed under a